Desarrollo = revolución solidaria /
Shranjeno v:
| Glavni avtor: | |
|---|---|
| Drugi avtorji: | , , |
| Format: | Knjiga |
| Jezik: | španščina |
| Serija: | (Nuestro Tiempo)
|
| Oznake: |
Brez oznak, prvi označite!
|
MARC
| LEADER | 00000nam^a2200000^a^4500 | ||
|---|---|---|---|
| 001 | 000273925 | ||
| 005 | 20250521000000.0 | ||
| 009 | 20260310111147.659 | ||
| 037 | |a Acervo ITESO - Biblioteca | ||
| 041 | |a ESP | ||
| 082 | |a 339. 46 |b LEB | ||
| 100 | |a Lebret, Louis-Joseph |e (autor) | ||
| 245 | 1 | 0 | |a Desarrollo = revolución solidaria / |c J.L. Lebret ; colaboración de R. Delprat, M.F. Desbruyeres ; presen. de V. Cosmao. |
| 264 | |a Bilbao, España : |b Desclée de Brouwer, |c 1969 | ||
| 300 | |a 197 p. | ||
| 336 | |a texto |b txt |2 rdacontenido | ||
| 337 | |a sin mediación |b n |2 rdamedio | ||
| 338 | |a volumen |b nc |2 rdasoporte | ||
| 440 | 1 | |a (Nuestro Tiempo) | |
| 500 | |a Traducción de: Development = revolution solidaire | ||
| 649 | |a XX | ||
| 700 | |a Delprat, R. |e (colaboración) | ||
| 700 | |a Desbruyeres, M.F. |e (colaboración) | ||
| 700 | |a Cosmao, Vincent |e (presentación) | ||
| 910 | |a Fondo General | ||
| 920 | |a Impresos - Libros | ||
| 930 | |a Colección General | ||
| 905 | |a 101 | ||
| 901 | |a 0500159748 |b IT1 |c ACC |u 20250521 | ||
| 902 | |a https://opac.biblio.iteso.mx/vufind/Record/000273925 | ||